Deti sa bijú o folklór a spoločenský tanec záujem je o výtvarnú i hudobnú. V kríze sa ocitli zbory

Bibliographic Details
Format: Article
Language:Slovak
PhysicalDescription:Fotogr.
ISSN:1335-4566
Subjects:

MARC

LEADER 00000nab a2200000 a 4500
001 vtls010095988
003 SK-MaSNL
005 20260411035634.0
008 100517c20100515xo drz 0 0slo
038 |a KEVKJB 
040 |a KEVKJB  |b slo  |c KEVKJB  |e AACR2 
041 0 |a slo 
044 |a xo  |c SK 
080 |a 374.3  |2 2001 
245 1 0 |a Deti sa bijú o folklór a spoločenský tanec  |b záujem je o výtvarnú i hudobnú. V kríze sa ocitli zbory  |c Andrea Nitkulincová 
300 |b Fotogr. 
650 0 7 |a základné umelecké školy  |2 kevkjb  |9 29368 
650 0 7 |a krúžky  |2 kevkjb  |9 682893 
651 7 |a Košice (Slovensko)  |2 kevkjb  |9 18694 
773 0 |t Košický Korzár  |g Roč. XIII, č. 110 (15.5.2010), s. 3  |x 1335-4566 
852 |a KEVKJB  |b KIS3GCP 
999 |c 1783501  |d 1785431